Recreaciones científicas / (Record no. 157919)

MARC details
000 -LEADER
campo de control de longitud fija 00736nam a22001815i 4500
001 - NÚMERO DE CONTROL
campo de control 157919
003 - IDENTIFICADOR DE NÚMERO DE CONTROL
campo de control ES-MaACL
005 - FECHA Y HORA DE LA ÚLTIMA TRANSACCIÓN
campo de control 20230906210914.0
008 - DATOS DE LONGITUD FIJA--INFORMACIÓN GENERAL
campo de control de longitud fija 960320s1881 sp |||| | spa d
040 ## - FUENTE DE CATALOGACIÓN
Centro catalogador/agencia de origen GA
Lengua de catalogación spa
Centro/agencia transcriptor CCPB | SIC
100 1# - ENTRADA PRINCIPAL--NOMBRE DE PERSONA
Nombre de persona Lois, Octavio.
9 (RLIN) 129035
245 10 - MENCIÓN DEL TÍTULO
Título Recreaciones científicas /
Mención de responsabilidad, etc. Octavio Lois.
260 ## - PUBLICACIÓN, DISTRIBUCIÓN, ETC.
Lugar de publicación, distribución, etc. Pontevedra :
Nombre del editor, distribuidor, etc. [s.n.],
Fecha de publicación, distribución, etc. 1881 (
Fabricante Tip. de José Alfredo Antúnez)
300 ## - DESCRIPCIÓN FÍSICA
Extensión 207 p. ;
Dimensiones 21 cm.
650 04 - PUNTO DE ACCESO ADICIONAL DE MATERIA--TÉRMINO DE MATERIA
Término de materia o nombre geográfico como elemento de entrada Divulgación científica.
9 (RLIN) 11958
852 ## - LOCALIZACIÓN
Ubicación ES-MaACL
Número de control de estantería T-829-F-1
Nota libre -- Enc. hol. conservando la cub. original
-- -- Enc. en un vol. facticio
Encuadernación -- Edic.: Son 207 p.
852 ## - LOCALIZACIÓN
Ubicación ES-MaACL
Número de control de estantería T-363-F-3
condición física .- Falta portada y primeras páginas
Nota libre .- Dedicatoria autógrafa del autor al Ateneo
Holdings
Estatus retirado Estado de pérdida Estado de daño No para préstamo Colección Biblioteca de origen Biblioteca actual Ubicación en estantería Fecha de adquisición Total de préstamos Signatura topográfica completa Código de barras Visto por última vez Precio de reemplazo Tipo de ítem Koha Fuente de adquisición
        Colección de folletos Biblioteca del Ateneo de Madrid Biblioteca del Ateneo de Madrid Depósito folletos 17/01/2008   T-829-F-1 1165271 23/02/2023 23/02/2023 Folleto  
        Colección de folletos Biblioteca del Ateneo de Madrid Biblioteca del Ateneo de Madrid Depósito folletos 22/01/2009   T-363-F-3 1178537 23/02/2023 23/02/2023 Folleto